[Event "Corr"]
[Site "?"]
[Date "1999.??.??"]
[Round "?"]
[White "Kofidis Spyros"]
[Black "Maliangkay Rudolf J"]
[Result "1/2-1/2"]
[WhiteElo "2592"]
[BlackElo "2618"]
[PlyCount "65"]
[EventDate "1999.??.??"]
[Source "www.chesslib.no"]
[SourceDate "2004.05.04"]

1. e4 c5 2. Nf3 d6 3. d4 cxd4 4. Nxd4 Nf6 5. Nc3 a6 6. Bg5 e6 7. Qd2 h6 8. Bxf6 Qxf6 9. f4 Bd7 10. Nf3 Nc6 11. O-O-O Qd8 12. g3 Qc7 13. Bh3 O-O-O 14. f5 g5 15. fxg6 fxg6 16. Nd4 Nxd4 17. Qxd4 Rg8 18. Rhf1 Bg7 19. Qxd6 Qxd6 20. Rxd6 Kc7 21. Rd3 Rgf8 22. Rfd1 Bf6 23. Ne2 Bc8 24. Nf4 Rxd3 25. Nxd3 Bg5+ 26. Kb1 b6 27. b3 Rf3 28. e5 Re3 29. Rh1 Bb7 30. Re1 Bd5 31. Rxe3 Bxe3 32. Nf4 g5 33. Nxe6+ 1/2-1/2

[Event "RUS Cup final 4th"]
[Site "Elista"]
[Date "2000.08.26"]
[Round "7"]
[White "Kotsur, Pavel"]
[Black "Popov, Valerij"]
[Result "1-0"]
[WhiteElo "2589"]
[BlackElo "2557"]
[PlyCount "119"]
[EventDate "2000.08.19"]
[Source "ChessBase"]
[SourceDate "2000.11.21"]

1. e4 c5 2. Nf3 d6 3. d4 Nf6 4. Nc3 cxd4 5. Nxd4 a6 6. Bg5 e6 7. Qd3 b5 8. f4 Nbd7 9. O-O-O Qc7 10. Qh3 Be7 11. Bd3 b4 12. Nce2 Bb7 13. Ng3 Rc8 14. Kb1 Qb6 15. Nf3 a5 16. Nh5 Nxh5 17. Qxh5 g6 18. Qh3 h6 19. Bxe7 Kxe7 20. Rhe1 Qc5 21. e5 d5 22. g4 g5 23. Qg3 gxf4 24. Qxf4 a4 25. g5 hxg5 26. Nxg5 Rcf8 27. Nh7 Rfg8 28. Rf1 Kd8 29. Ng5 Kc7 30. Nxf7 Rh5 31. h4 Qe7 32. Ng5 Rgh8 33. Rh1 Bc6 34. Be2 R5h6 35. Rd4 Rf8 36. Qg3 Rf5 37. Re1 Qc5 38. Rf4 Rxf4 39. Qxf4 a3 40. Nf3 Rh8 41. Nd4 Qe7 42. h5 axb2 43. Bg4 Nc5 44. Rf1 Bd7 45. Qf7 Kd8 46. Qxe7+ Kxe7 47. Kxb2 Ne4 48. Rf4 Ra8 49. Nb3 Rh8 50. Be2 Be8 51. Bd3 Ng3 52. Rg4 Nf5 53. Rxb4 Rxh5 54. Rb7+ Kf8 55. a4 Bxa4 56. Nc5 Bxc2 57. Nxe6+ Kg8 58. Bxc2 Nh4 59. Rg7+ Kh8 60. Rf7 1-0

[Event "60th ch-RUS Higher League"]
[Site "Krasnoyarsk RUS"]
[Date "2007.09.11"]
[Round "8"]
[White "Novikov, St"]
[Black "Popov, Val"]
[Result "1/2-1/2"]
[WhiteElo "2562"]
[BlackElo "2577"]
[PlyCount "46"]
[EventDate "2007.09.03"]
[Source "www.chesslib.no"]
[SourceDate "2004.05.04"]

1. e4 c5 2. Nf3 d6 3. d4 cxd4 4. Nxd4 Nf6 5. Nc3 a6 6. Bg5 e6 7. Qe2 h6 8. Bh4 Be7 9. O-O-O Nbd7 10. f4 Qc7 11. Nf3 Nb6 12. e5 Nfd5 13. Bxe7 Qxe7 14. Ne4 dxe5 15. fxe5 O-O 16. c4 Nb4 17. a3 Nc6 18. g4 Nd7 19. g5 Ndxe5 20. gxh6 g6 21. Nxe5 Nxe5 22. Qf2 Ng4 23. Qg3 e5 1/2-1/2

[Event "RUS-Cup10"]
[Site "Tomsk"]
[Date "1997.07.28"]
[Round "7"]
[White "Yurtaev, Leonid"]
[Black "Dvoirys, Semen I"]
[Result "1-0"]
[WhiteElo "2520"]
[BlackElo "2615"]
[PlyCount "139"]
[EventDate "1997.07.21"]
[Source "www.chesslib.no"]
[SourceDate "2004.05.04"]

1. e4 c5 2. Nf3 d6 3. d4 cxd4 4. Nxd4 Nf6 5. Nc3 a6 6. Bg5 e6 7. Be2 Nbd7 8. O-O Be7 9. a4 Qc7 10. a5 b5 11. axb6 Nxb6 12. Bf3 Bb7 13. Bxf6 gxf6 14. Ra3 O-O 15. Rb3 Kh8 16. Bh5 Bd8 17. Qd2 Qe7 18. Rd1 Rc8 19. Nde2 Nc4 20. Qh6 Rg8 21. Ng3 Ba8 22. Be2 a5 23. Bxc4 Rxc4 24. Rb8 Bc6 25. Qd2 Qc7 26. Qxd6 Qxd6 27. Rxd6 Bc7 28. Rxg8+ Kxg8 29. Rd3 Kf8 30. b3 Rc5 31. Nge2 Ke7 32. Kf1 Bb7 33. Ke1 f5 34. exf5 Rxf5 35. g3 Rc5 36. Kd2 Be5 37. Na4 Rc7 38. c4 Bd6 39. Nd4 Be4 40. Re3 Bg6 41. Ke2 Bb4 42. h3 Kf8 43. f4 Rd7 44. Nf3 Bc2 45. c5 Ke8 46. g4 Bd1+ 47. Kf2 Rc7 48. Nd4 Rd7 49. Nb5 Rd2+ 50. Kf1 Kd7 51. Nd6 Rd4 52. Nxf7 Bd2 53. Rd3 Rxd3 54. Ne5+ Kc7 55. Nxd3 Be3 56. Nc3 Bxb3 57. Ke2 Bg1 58. Kd2 a4 59. g5 Kc6 60. h4 Bxc5 61. Nxc5 Kxc5 62. h5 e5 63. f5 Kd6 64. h6 Ke7 65. g6 Bg8 66. Nd5+ Kf8 67. Nf6 a3 68. Kc3 a2 69. Kb2 hxg6 70. fxg6 1-0

[Event "CCOL10 fin-02 8893"]
[Site "CCOL10 fin-02 8893"]
[Date "1988.??.??"]
[Round "?"]
[White "Brzozka, Stefan"]
[Black "Maeder, Karlheinz"]
[Result "1-0"]
[WhiteElo "2540"]
[BlackElo "2575"]
[PlyCount "93"]
[EventDate "1988.??.??"]
[Source "www.chesslib.no"]
[SourceDate "2004.05.04"]

1. e4 c5 2. Nf3 d6 3. d4 cxd4 4. Nxd4 Nf6 5. Nc3 a6 6. Bg5 e6 7. Qd2 h6 8. Bxf6 Qxf6 9. O-O-O Nc6 10. Nb3 Qd8 11. Kb1 Bd7 12. f4 Rc8 13. Be2 Na5 14. f5 Nc4 15. Bxc4 Rxc4 16. fxe6 fxe6 17. Qe2 Qc7 18. Qh5+ Kd8 19. Qf7 Bc8 20. Qg6 Qe7 21. Rxd6+ Qxd6 22. Rd1 Qxd1+ 23. Nxd1 h5 24. Ne3 Rc7 25. e5 Rh6 26. Qg5+ Ke8 27. Nd2 Bd7 28. Ne4 Bc6 29. Nd6+ Bxd6 30. exd6 Rd7 31. b3 Kf7 32. Nc4 Kg8 33. Qc5 Rf6 34. Qxh5 Rf8 35. g4 b5 36. Ne5 Rxd6 37. g5 Be8 38. g6 Rf1+ 39. Kb2 Rdd1 40. Qh7+ Kf8 41. Qh8+ Ke7 42. Qxg7+ Kd6 43. Nd3 a5 44. Qe5+ Ke7 45. Qc5+ Kd8 46. g7 Rg1 47. Qd6+ 1-0

[Event "HUN-ch 53rd"]
[Site "Heviz"]
[Date "2003.05.19"]
[Round "8"]
[White "Cao Sang"]
[Black "Berkes, Ferenc"]
[Result "0-1"]
[WhiteElo "2531"]
[BlackElo "2578"]
[PlyCount "84"]
[EventDate "2003.05.12"]
[Source "ChessBase"]
[SourceDate "2003.09.25"]

1. e4 c5 2. Nf3 d6 3. d4 cxd4 4. Nxd4 Nf6 5. Nc3 a6 6. Bg5 e6 7. Qf3 h6 8. Bh4 Be7 9. O-O-O Qc7 10. Be2 Nbd7 11. Bg3 O-O 12. Kb1 Rb8 13. a4 Nc5 14. Qe3 e5 15. Nf5 Bxf5 16. exf5 Rfc8 17. Rc1 Qd7 18. f4 e4 19. Bh4 Nxa4 20. Nxa4 Qxa4 21. Rhd1 Rc5 22. Rd4 Qc6 23. g4 Nxg4 24. Qxe4 Bxh4 25. Bxg4 Bf6 26. Rb4 d5 27. Qg2 a5 28. Rb3 a4 29. Ra3 b5 30. Bf3 b4 31. Rd3 a3 32. Bxd5 Qc7 33. Re1 axb2 34. Rde3 Qd7 35. Re5 Bxe5 36. Rxe5 Qa4 37. Ba2 b3 38. cxb3 Rc1+ 39. Kxb2 Qd4+ 40. Kxc1 Rc8+ 41. Qc2 Qxf4+ 42. Kb1 Qf1+ 0-1

[Event "54th ch-HUN"]
[Site "Budapest"]
[Date "2004.08.22"]
[Round "4.5"]
[White "Cao Sang"]
[Black "Acs, Peter"]
[Result "1-0"]
[WhiteElo "2545"]
[BlackElo "2545"]
[PlyCount "83"]
[EventDate "2004.08.19"]
[Source "Roberto Alvarez"]
[SourceDate "2004.09.06"]

1. e4 c5 2. Nf3 d6 3. d4 cxd4 4. Nxd4 Nf6 5. Nc3 a6 6. Bg5 e6 7. Qf3 h6 8. Bh4 Nbd7 9. O-O-O Be7 10. Be2 Ne5 11. Qe3 Nfg4 12. Bxg4 Nxg4 13. Qe2 Bxh4 14. Qxg4 Qg5+ 15. Qxg5 Bxg5+ 16. Kb1 Bd7 17. Rd3 Ke7 18. Rhd1 Rad8 19. Nb3 Bc6 20. Na5 Bf6 21. f3 g5 22. a3 h5 23. Na2 Be5 24. Nb4 Rc8 25. Nbxc6+ bxc6 26. h3 d5 27. c4 dxe4 28. fxe4 Kf6 29. c5 h4 30. Rd7 Bf4 31. Nc4 Rb8 32. b4 Kg6 33. Kc2 f5 34. e5 g4 35. R1d6 Rbe8 36. Rxc6 gxh3 37. gxh3 Bg3 38. Rxa6 f4 39. Rd3 Re7 40. Rad6 Rf8 41. Rf3 Kf5 42. Kd3 1-0

[Event "FRA-chT 9900"]
[Site "France"]
[Date "2000.04.29"]
[Round "9.1"]
[White "Murey, Jacob"]
[Black "Dorfman, Josif D"]
[Result "1/2-1/2"]
[WhiteElo "2487"]
[BlackElo "2593"]
[PlyCount "24"]
[EventDate "2000.02.04"]
[Source "www.chesslib.no"]
[SourceDate "2004.05.04"]

1. e4 c5 2. Nf3 d6 3. d4 cxd4 4. Nxd4 Nf6 5. Nc3 a6 6. Bg5 e6 7. Qe2 h6 8. Bh4 Be7 9. O-O-O Nxe4 10. Bxe7 Nxc3 11. Bxd8 Nxe2+ 12. Nxe2 Kxd8 1/2-1/2

[Event "JUG-ch53"]
[Site "Belgrade "]
[Date "1998.03.17"]
[Round "4"]
[White "Tosic, Miroslav"]
[Black "Ilincic, Zlatko"]
[Result "0-1"]
[WhiteElo "2505"]
[BlackElo "2565"]
[PlyCount "78"]
[EventDate "1998.03.14"]
[Source "ChessBase"]
[SourceDate "1998.06.15"]

1. e4 c5 2. Nf3 d6 3. d4 cxd4 4. Nxd4 Nf6 5. Nc3 a6 6. Bg5 e6 7. Qf3 h6 8. Bh4 Be7 9. O-O-O Qc7 10. Be2 Nbd7 11. Rhe1 Rb8 12. Bg3 O-O 13. Qe3 b5 14. f4 b4 15. Na4 Bb7 16. Bf3 Rfc8 17. Qb3 Qa5 18. e5 dxe5 19. Bxb7 Rxb7 20. fxe5 Nd5 21. Nf5 Bf8 22. Nd6 Bxd6 23. exd6 Rb5 24. Be5 Nxe5 25. Rxe5 Qd8 26. Qg3 Rc6 27. Rd4 Qxd6 28. Rg4 Qf8 29. b3 f6 30. Ree4 f5 31. Rc4 Rxc4 32. Rxc4 Qf6 33. Qd6 Ne3 34. Rd4 Kh7 35. Nc5 e5 36. Nd7 Qxd6 37. Rxd6 e4 38. h4 Rd5 39. Rxd5 Nxd5 0-1

[Event "Memorial V.Doroshkevich (open)"]
[Site "Belorechensk (Russia)"]
[Date "2007.06.06"]
[Round "9"]
[White "Kryakvin Dmitry (RUS)"]
[Black "Panarin Michail (RUS)"]
[Result "1-0"]
[WhiteElo "2539"]
[BlackElo "2528"]
[PlyCount "47"]
[EventDate "2007.??.??"]
[Source "www.chesslib.no"]
[SourceDate "2004.05.04"]

1. e4 c5 2. Nc3 d6 3. Nf3 a6 4. d4 cxd4 5. Nxd4 Nf6 6. Bg5 e6 7. Qf3 Nbd7 8. O-O-O h6 9. Bh4 Qc7 10. Be2 b5 11. e5 Bb7 12. Nxe6 fxe6 13. Qh5+ Kd8 14. exf6 Nxf6 15. Qg6 Kd7 16. Rhe1 b4 17. Bxf6 gxf6 18. Ne4 Be7 19. Bg4 f5 20. Nxd6 Bxd6 21. Qxe6+ Kc6 22. Bf3+ Kb5 23. Rxd6 Rhe8 24. Re5+ 1-0

[Event "URS-ch"]
[Site "?"]
[Date "1972.11.??"]
[Round "13"]
[White "Shamkovich Leonid Alexandrovi"]
[Black "Lein Anatoly Y"]
[Result "1/2-1/2"]
[WhiteElo "2535"]
[BlackElo "2530"]
[PlyCount "85"]
[EventDate "1972.??.??"]
[Source "www.chesslib.no"]
[SourceDate "2004.05.04"]

1. e4 c5 2. Nf3 d6 3. d4 cxd4 4. Nxd4 Nf6 5. Nc3 a6 6. Bg5 e6 7. Qf3 Bd7 8. O-O-O Nc6 9. Be2 Rc8 10. Qg3 h6 11. Be3 Nxd4 12. Rxd4 Rxc3 13. bxc3 Qa5 14. Rb4 Bc6 15. f3 Qxa2 16. Kd2 Qa5 17. Bb6 Qg5+ 18. Qxg5 hxg5 19. Rbb1 Be7 20. c4 Nd7 21. Be3 g6 22. Bd3 e5 23. h3 Nc5 24. Rb2 Kd7 25. Rhb1 Kc7 26. Bxc5 dxc5 27. c3 Rb8 28. Ra2 Bd7 29. Ke3 Be6 30. g3 Rh8 31. Rab2 Bc8 32. Bf1 Bf6 33. Bg2 Bg7 34. Rb6 Rd8 35. Bf1 Bh6 36. g4 Bf8 37. Be2 Bd6 38. R6b2 Rh8 39. Bf1 Be7 40. Rb6 Bd8 41. Kf2 Kd7 42. Rd1+ Ke7 43. Rb3 1/2-1/2

[Event "Pardubice Open"]
[Site "Pardubice CZE"]
[Date "1993.??.??"]
[Round "6"]
[White "Milov, Leonid"]
[Black "Khenkin, Igor"]
[Result "1/2-1/2"]
[WhiteElo "2480"]
[BlackElo "2575"]
[PlyCount "57"]
[EventDate "1993.07.??"]
[Source "www.chesslib.no"]
[SourceDate "2004.05.04"]

1. e4 c5 2. Nf3 d6 3. d4 cxd4 4. Nxd4 Nf6 5. Nc3 a6 6. Bg5 e6 7. Qf3 Nbd7 8. O-O-O Qc7 9. Qg3 b5 10. Bxb5 axb5 11. Ndxb5 Qb8 12. Nxd6+ Bxd6 13. Qxd6 Qxd6 14. Rxd6 h6 15. Bxf6 gxf6 16. f3 Rg8 17. Rd2 Ke7 18. b3 Ne5 19. a4 Ba6 20. Nd1 Rab8 21. Ne3 h5 22. Kb2 h4 23. h3 Rgc8 24. Rhd1 Rc7 25. Rf2 Rb6 26. Rd4 Nc6 27. Rd1 Ne5 28. Rd4 Nc6 29. Rd1 1/2-1/2

[Event "New York op"]
[Site "New York"]
[Date "2000.05.07"]
[Round "5"]
[White "Thorhallsson, Throstur"]
[Black "Leitao, Rafael"]
[Result "0-1"]
[WhiteElo "2489"]
[BlackElo "2565"]
[PlyCount "64"]
[EventDate "2000.05.05"]
[Source "ChessBase"]
[SourceDate "2000.07.11"]

1. e4 c5 2. Nf3 d6 3. d4 cxd4 4. Nxd4 Nf6 5. Nc3 a6 6. Bg5 e6 7. Qf3 Nbd7 8. O-O-O Be7 9. Qh3 Qc7 10. Bd3 b5 11. f4 b4 12. Nce2 Nc5 13. Ng3 h6 14. Rhe1 e5 15. Ndf5 g6 16. Qh4 Bxf5 17. exf5 Nxd3+ 18. Rxd3 Rc8 19. Re2 hxg5 20. Qxh8+ Kd7 21. Qh3 g4 22. Qh6 Qc4 23. fxe5 Qxd3 24. exf6 Bxf6 25. Rd2 Qc4 26. Qe3 Bxb2+ 27. Kb1 Bc3 28. Re2 Be5 29. fxg6 fxg6 30. Ne4 Rf8 31. Nd2 Qc3 32. Qa7+ Ke6 0-1

[Event "Reykjavik op"]
[Site "Reykjavik"]
[Date "1996.??.??"]
[Round "3"]
[White "Conquest, Stuart"]
[Black "Tisdall, Jonathan D"]
[Result "0-1"]
[WhiteElo "2540"]
[BlackElo "2510"]
[PlyCount "58"]
[EventDate "1996.03.??"]
[Source "ChessBase"]

1. e4 c5 2. Nf3 d6 3. d4 cxd4 4. Nxd4 Nf6 5. Nc3 a6 6. Bg5 e6 7. Qf3 Nbd7 8. O-O-O Qa5 9. h4 h6 10. Bd2 Qc7 11. g4 Ne5 12. Qg2 Nexg4 13. Rh3 Bd7 14. f4 h5 15. f5 Be7 16. Be2 Rc8 17. Bg5 b5 18. fxe6 fxe6 19. Bxf6 Bxf6 20. Bxg4 hxg4 21. Qxg4 Qc5 22. e5 Qxe5 23. Ne4 O-O 24. h5 Be7 25. Nf3 Qf4+ 26. Qxf4 Rxf4 27. Nxd6 Rc5 28. Nf5 Rcxf5 29. Rxd7 Rxf3 0-1

[Event "CZE Team Ch"]
[Site "Czech Republic"]
[Date "1994.??.??"]
[Round "?"]
[White "Hausner, Ivan"]
[Black "Ftacnik, Lubomir"]
[Result "1/2-1/2"]
[WhiteElo "2480"]
[BlackElo "2565"]
[PlyCount "121"]
[EventDate "1994.??.??"]
[Source "www.chesslib.no"]
[SourceDate "2004.05.04"]

1. e4 c5 2. Nc3 d6 3. Nge2 a6 4. d4 cxd4 5. Nxd4 Nf6 6. Bg5 e6 7. Bd3 Be7 8. Qe2 Nxe4 9. Nxe4 Bxg5 10. Nf5 exf5 11. Nxg5+ Kf8 12. h4 h6 13. Nf3 Qe7 14. O-O-O Nc6 15. Rhe1 Be6 16. Bc4 Re8 17. Qd2 Rd8 18. Nd4 d5 19. Bb3 Qf6 20. Qe3 Nxd4 21. Rxd4 g5 22. Qd2 gxh4 23. Qb4+ Qe7 24. Rxh4 Qxb4 25. Rxb4 Rd7 26. g3 Rg8 27. Rh1 Rg6 28. c3 Kg7 29. Rd4 Rg4 30. Rh4 Kg6 31. Kd2 Kg5 32. Bd1 Rxh4 33. gxh4+ Kf6 34. Bf3 Ke5 35. Ke3 Rd8 36. Rb4 b5 37. a4 bxa4 38. Be2 a5 39. f4+ Kd6 40. Rxa4 Rb8 41. b4 axb4 42. cxb4 Bd7 43. Ra6+ Ke7 44. b5 Bxb5 45. Bxb5 Rxb5 46. Rxh6 Rb4 47. Ra6 Re4+ 48. Kf3 d4 49. h5 d3 50. Ra1 Kf6 51. Rd1 Rd4 52. Ke3 Re4+ 53. Kf3 Re2 54. Rxd3 Rh2 55. Rd6+ Kg7 56. Rd5 Rxh5 57. Ra5 Kg6 58. Ra6+ f6 59. Kg3 Rh1 60. Ra7 Rg1+ 61. Kf2 1/2-1/2

[Event "It \"]
[Site "Olomouc (Czech Republic)"]
[Date "2007.08.08"]
[Round "10"]
[White "Ibraev Nurlan (KAZ)"]
[Black "Vorobiov Evgeny E (RUS)"]
[Result "1/2-1/2"]
[WhiteElo "2468"]
[BlackElo "2572"]
[PlyCount "103"]
[EventDate "2007.??.??"]
[Source "www.chesslib.no"]
[SourceDate "2004.05.04"]

1. e4 c5 2. Nf3 d6 3. d4 cxd4 4. Nxd4 Nf6 5. Nc3 a6 6. Bg5 e6 7. Qd3 Nbd7 8. O-O-O b5 9. f4 Qc7 10. Bxf6 Nxf6 11. Be2 b4 12. Nb1 Bb7 13. Bf3 Be7 14. Nd2 O-O 15. Kb1 Rac8 16. g4 Nd7 17. g5 Rfe8 18. Bg4 Bf8 19. Rhe1 g6 20. f5 Ne5 21. Qh3 Nxg4 22. Qxg4 e5 23. N4b3 a5 24. Na1 a4 25. Re3 Qb6 26. Rh3 Qf2 27. a3 bxa3 28. Rxa3 Bc6 29. Nc4 d5 30. exd5 Bd7 31. Rh3 Bxf5 32. Qh4 Qxh4 33. Rxh4 e4 34. Nb6 Rcd8 35. Nxa4 Be7 36. Rg1 Rxd5 37. Nc3 Re5 38. Nb3 e3 39. Nd4 Bd7 40. Ne4 Kg7 41. Rf4 Bf5 42. Ng3 Bd7 43. Ne4 Bf5 44. Ng3 Bc5 45. Ngxf5+ gxf5 46. Nxf5+ Kg6 47. Nh4+ Kg7 48. Nf5+ Kg6 49. Nh4+ Kg7 50. Nf5+ Kg6 51. Nh4+ Kg7 52. Nf5+ 1/2-1/2

[Event "RUS-Cup"]
[Site "Minsk"]
[Date "2000.??.??"]
[Round "6"]
[White "Kovalev, Andrei"]
[Black "Popov, Valerij"]
[Result "1/2-1/2"]
[WhiteElo "2490"]
[BlackElo "2534"]
[PlyCount "72"]
[EventDate "2000.??.??"]
[Source "www.chesslib.no"]
[SourceDate "2004.05.04"]

1. e4 c5 2. Nf3 d6 3. d4 Nf6 4. Nc3 cxd4 5. Nxd4 a6 6. Bg5 e6 7. Qd3 Be7 8. O-O-O Nbd7 9. f4 Qc7 10. Be2 b5 11. Bf3 Bb7 12. Bxf6 gxf6 13. Bh5 O-O 14. Rhe1 Kh8 15. Qh3 b4 16. Nd5 exd5 17. Bg4 Rfd8 18. exd5 Bf8 19. Bf5 h6 20. Re7 Bxd5 21. Rxd7 Rxd7 22. Bxd7 Qc4 23. b3 Qc5 24. Rd2 Ra7 25. Qf5 Bg7 26. Rd3 Bxg2 27. Qg4 Be4 28. Rg3 Bg6 29. f5 Rxd7 30. fxg6 Qg5+ 31. Kd1 Qxg4+ 32. Rxg4 h5 33. Rg2 fxg6 34. Rxg6 Kh7 35. Rg3 Bh6 36. Nf3 Rg7 1/2-1/2

[Event "Pancevo"]
[Site "Pancevo"]
[Date "2003.06.30"]
[Round "11"]
[White "Ivanovic, Bozidar"]
[Black "Cheparinov, Ivan"]
[Result "0-1"]
[WhiteElo "2512"]
[BlackElo "2508"]
[PlyCount "92"]
[EventDate "2003.06.20"]
[Source "ChessBase"]
[SourceDate "2003.07.09"]

1. e4 c5 2. Nf3 d6 3. d4 cxd4 4. Nxd4 Nf6 5. Nc3 a6 6. Bg5 e6 7. Qf3 h6 8. Bh4 Be7 9. O-O-O Qc7 10. Bd3 Nbd7 11. Kb1 Rb8 12. g4 Ne5 13. Qh3 b5 14. f4 Nexg4 15. Rhg1 b4 16. Nce2 h5 17. e5 dxe5 18. fxe5 Nxe5 19. Rxg7 Nfg4 20. Bxe7 Qxe7 21. Nf4 Nf2 22. Qg3 Nxd1 23. Ng6 Nxg6 24. Qxb8 Kf8 25. Rxg6 fxg6 26. Qxc8+ Kg7 27. Nxe6+ Kh7 28. Qc6 Qf6 29. Kc1 Nf2 30. h4 Nxd3+ 31. cxd3 Qe7 32. d4 Kh6 33. Qe4 Rc8+ 34. Kd2 Qf6 35. Qe3+ Kh7 36. Ng5+ Kg7 37. Ne6+ Kg8 38. Ng5 Rf8 39. Qb3+ Kh8 40. Qxb4 Qf2+ 41. Kc3 Qe3+ 42. Kc4 Rc8+ 43. Kd5 Rd8+ 44. Kc6 Qe8+ 45. Kc5 Qe7+ 46. Kc4 Rxd4+ 0-1

[Event "1st League TCh-SCG"]
[Site "Budva"]
[Date "2003.08.30"]
[Round "2"]
[White "Ivanovic, Bozidar"]
[Black "Popovic, Petar"]
[Result "1/2-1/2"]
[WhiteElo "2512"]
[BlackElo "2503"]
[PlyCount "86"]
[EventDate "2003.08.29"]
[Source "Roberto Alvarez"]
[SourceDate "2003.10.27"]

1. e4 c5 2. Nf3 d6 3. d4 cxd4 4. Nxd4 Nf6 5. Nc3 a6 6. Bg5 e6 7. Qf3 Nbd7 8. O-O-O Qc7 9. Bd3 Be7 10. Kb1 b5 11. Rhe1 b4 12. Nce2 Bb7 13. Qh3 Nc5 14. Ng3 O-O-O 15. Nb3 Kb8 16. f3 Nxd3 17. cxd3 Rc8 18. Be3 Qc2+ 19. Ka1 Nd7 20. Ne2 Qc6 21. Ned4 Qa4 22. Qg3 g6 23. Qf2 e5 24. Ne2 d5 25. d4 dxe4 26. fxe4 Bxe4 27. Qxf7 Bc2 28. Rc1 Bxb3 29. Qxb3 Qxb3 30. axb3 Kb7 31. Kb1 Rxc1+ 32. Bxc1 Bd6 33. dxe5 Bxe5 34. Nf4 Rf8 35. Nd3 Bd6 36. h3 Kc6 37. Bh6 Rf5 38. Kc2 Ne5 39. Nxe5+ Bxe5 40. Bd2 Bd6 41. Re2 Kd5 42. Kd3 a5 43. Be3 Bc5 1/2-1/2

[Event "Corr"]
[Site "?"]
[Date "2002.06.15"]
[Round "?"]
[White "Yamaliev Vil Usbekovich (RUS"]
[Black "Chacon Paulo Edison Terres"]
[Result "1/2-1/2"]
[WhiteElo "2515"]
[BlackElo "2497"]
[PlyCount "50"]
[EventDate "2002.??.??"]
[Source "www.chesslib.no"]
[SourceDate "2004.05.04"]

1. e4 c5 2. Nf3 d6 3. d4 cxd4 4. Nxd4 Nf6 5. Nc3 a6 6. Bg5 e6 7. Qf3 h6 8. Bh4 Be7 9. O-O-O Qc7 10. Bd3 Nbd7 11. Kb1 Ne5 12. Qe2 O-O 13. Rc1 b5 14. f4 Nxd3 15. cxd3 Qd7 16. Nc6 Qxc6 17. e5 Qb6 18. exf6 Bxf6 19. Bxf6 gxf6 20. Qh5 Kh7 21. Ne4 Qd4 22. Rc7 Qxd3+ 23. Ka1 Qxe4 24. Rxf7+ Rxf7 25. Qxf7+ Kh8 1/2-1/2

[Event "BLR-ch"]
[Site "Minsk"]
[Date "2000.??.??"]
[Round "2"]
[White "Kupreichik, Viktor D"]
[Black "Dydyshko, Viacheslav"]
[Result "1-0"]
[WhiteElo "2480"]
[BlackElo "2523"]
[PlyCount "65"]
[EventDate "2000.??.??"]
[Source "www.chesslib.no"]
[SourceDate "2004.05.04"]

1. e4 c5 2. Nf3 d6 3. d4 cxd4 4. Nxd4 Nf6 5. Nc3 a6 6. Bg5 e6 7. Qd3 Nbd7 8. O-O-O b5 9. f4 Bb7 10. e5 dxe5 11. fxe5 Nxe5 12. Qg3 Ned7 13. Ndxb5 axb5 14. Bxb5 Bc8 15. Bxf6 gxf6 16. Rd4 Bc5 17. Rc4 Qb6 18. Rd1 Ke7 19. Re4 Kd8 20. Qg7 Re8 21. Qxf7 Re7 22. Qxf6 Rxa2 23. Nxa2 Qxb5 24. Rxe6 Qa4 25. Qf8+ Kc7 26. Rxe7 Bxe7 27. Qxe7 Qxa2 28. Qd6+ Kd8 29. Qb6+ Ke7 30. Qd6+ Kd8 31. Qb6+ Ke7 32. Qb4+ Kd8 33. Rd3 1-0

[Event "Bosna i Hercegovina 82/239"]
[Site "?"]
[Date "2001.??.??"]
[Round "?"]
[White "Vukovic, Zd"]
[Black "Ilincic, Z."]
[Result "1/2-1/2"]
[WhiteElo "2454"]
[BlackElo "2546"]
[PlyCount "83"]
[EventDate "2001.??.??"]
[Source "Chess Informant"]
[SourceDate "2001.06.01"]

1. e4 c5 2. Nf3 d6 3. d4 cxd4 4. Nxd4 Nf6 5. Nc3 a6 6. Bg5 e6 7. Be2 Be7 8. f4 h6 9. Bh4 Qa5 10. Qd3 g5 11. fxg5 Nfd7 12. Nf3 hxg5 13. Bg3 Nc6 14. Bxd6 g4 15. Nd2 Nde5 16. Bxe5 Nxe5 17. Qd4 Qc5 18. Qxc5 Bxc5 19. Nc4 Nxc4 20. Bxc4 b5 21. Bd3 Bb7 22. O-O-O Ke7 23. a3 Rh6 24. Be2 Rg8 25. h3 f5 26. hxg4 fxe4 27. Rxh6 Be3+ 28. Kb1 Bxh6 29. Rh1 Bg7 30. Rh7 Kf6 31. Rh5 Rh8 32. Rxh8 Bxh8 33. Nd1 Kg5 34. Ne3 Bd4 35. Nf1 e3 36. g3 Bg2 37. Nh2 Bb6 38. Kc1 Bc7 39. Nf1 Bxf1 40. Bxf1 Kxg4 41. Kd1 Kxg3 42. b3 1/2-1/2

[Event "AUT Team Ch"]
[Site "Austria"]
[Date "1992.??.??"]
[Round "?"]
[White "Mokry, Karel"]
[Black "Plachetka, Jan"]
[Result "1/2-1/2"]
[WhiteElo "2535"]
[BlackElo "2460"]
[PlyCount "79"]
[EventDate "1992.??.??"]
[Source "www.chesslib.no"]
[SourceDate "2004.05.04"]

1. e4 c5 2. Nf3 a6 3. Nc3 d6 4. d4 cxd4 5. Nxd4 Nf6 6. Bg5 e6 7. Be2 Be7 8. Qd3 Nc6 9. O-O O-O 10. Rad1 Nxd4 11. Qxd4 Bd7 12. Bxf6 Bxf6 13. Qxd6 Bc6 14. Qxd8 Rfxd8 15. Rxd8+ Rxd8 16. Bd3 b5 17. Rb1 b4 18. Nd1 a5 19. Kf1 h5 20. Ne3 Rd4 21. f3 Be5 22. h3 g6 23. Rd1 Bc7 24. Bc4 Rxd1+ 25. Nxd1 Kf8 26. Nf2 Ke7 27. Nd3 f5 28. exf5 gxf5 29. Nc5 e5 30. Ne6 Bd6 31. Ng7 Kf6 32. Nxh5+ Kg6 33. Ng3 e4 34. Ne2 exf3 35. gxf3 Bxf3 36. Nd4 Be4 37. Bd3 Be5 38. Bxe4 Bxd4 39. Bd3 Bxb2 40. Ke2 1/2-1/2

[Event "RSFSR"]
[Site "Soviet Union"]
[Date "1980.??.??"]
[Round "?"]
[White "Malevinsky, Alexander A"]
[Black "Psakhis, Lev B"]
[Result "1-0"]
[WhiteElo "2460"]
[BlackElo "2535"]
[PlyCount "91"]
[EventDate "1980.??.??"]
[Source "www.chesslib.no"]
[SourceDate "2004.05.04"]

1. e4 c5 2. Nf3 d6 3. d4 cxd4 4. Nxd4 Nf6 5. Nc3 a6 6. Bg5 e6 7. Qe2 Be7 8. h4 b5 9. a3 Bb7 10. g4 h6 11. Bd2 Nfd7 12. O-O-O Bxh4 13. f4 Bf6 14. Be3 g5 15. fxg5 hxg5 16. Rxh8+ Bxh8 17. Qh2 Be5 18. Qh5 Qf6 19. Bxg5 Bf4+ 20. Bxf4 Qxf4+ 21. Kb1 Nf6 22. Qh8+ Ke7 23. Nd5+ Nxd5 24. exd5 Bxd5 25. Qh4+ Ke8 26. Qh8+ Ke7 27. Qh4+ Ke8 28. Qh8+ Kd7 29. Be2 Kc7 30. Rf1 Nd7 31. Nxe6+ Bxe6 32. Qc3+ Qc4 33. Bxc4 bxc4 34. Qg7 Ne5 35. g5 Kc6 36. Rf6 Bd5 37. Rh6 Re8 38. Rh8 Re6 39. Qf8 Kc5 40. Qc8+ Nc6 41. Re8 Rg6 42. Qf5 Ne5 43. Qf2+ Kc6 44. Qa7 Be6 45. Qxa6+ Kd5 46. Qb7+ 1-0

[Event "Hartberg Open"]
[Site "Hartberg AUT"]
[Date "1991.??.??"]
[Round "8"]
[White "Yurtaev, Leonid"]
[Black "Ilincic, Zlatko"]
[Result "1-0"]
[WhiteElo "2525"]
[BlackElo "2470"]
[PlyCount "102"]
[EventDate "1991.07.??"]
[Source "www.chesslib.no"]
[SourceDate "2004.05.04"]

1. e4 c5 2. Nf3 d6 3. d4 cxd4 4. Nxd4 Nf6 5. Nc3 a6 6. Bg5 e6 7. Be2 h6 8. Be3 Qc7 9. a4 b6 10. O-O Bb7 11. Bh5 Nxh5 12. Qxh5 Qc5 13. Qh3 Qc4 14. Rad1 Nd7 15. Nf3 Qc7 16. Rfe1 Be7 17. Bd4 Nf6 18. e5 dxe5 19. Bxe5 Qc8 20. Bd6 Bxd6 21. Rxd6 Qc5 22. Rexe6+ Kf8 23. Ne5 Qc7 24. Rxf6 Re8 25. Rfe6 fxe6 26. Qh5 Re7 27. Ng6+ Kg8 28. Nxe7+ Qxe7 29. Qe5 Kf7 30. Qf4+ Kg6 31. Rxb6 Rd8 32. h3 a5 33. Ne2 Rd1+ 34. Kh2 Kh7 35. Ng3 Qd7 36. Qg4 Bc8 37. Rxe6 Qxe6 38. Qxd1 Qe7 39. Qd3+ Kh8 40. Qc3 Qd8 41. Nh5 Qd6+ 42. f4 Qf8 43. Qxa5 Bf5 44. Qc7 Bg6 45. Ng3 h5 46. f5 Bf7 47. c4 h4 48. Ne4 Bg8 49. Qe5 Bxc4 50. Ng5 Qb4 51. a5 Qxb2 1-0